<?xml version="1.0" encoding="UTF-8"?><marc:collection xmlns:marc="http://www.loc.gov/MARC21/slim">
  <marc:record>
    <marc:leader>00000nam##2200000za#4500</marc:leader>
    <marc:controlfield tag="001">9.624351</marc:controlfield>
    <marc:controlfield tag="003">CaOODSP</marc:controlfield>
    <marc:controlfield tag="005">20200327180432</marc:controlfield>
    <marc:controlfield tag="007">ta</marc:controlfield>
    <marc:controlfield tag="008">150406|1996||||xxc|||||     f|0| 0 fre|d</marc:controlfield>
    <marc:datafield tag="020" ind1=" " ind2=" ">
      <marc:subfield code="a">0-662-82083-5</marc:subfield>
    </marc:datafield>
    <marc:datafield tag="040" ind1=" " ind2=" ">
      <marc:subfield code="a">CaOODSP</marc:subfield>
      <marc:subfield code="b">fre</marc:subfield>
    </marc:datafield>
    <marc:datafield tag="043" ind1=" " ind2=" ">
      <marc:subfield code="a">n-cn---</marc:subfield>
    </marc:datafield>
    <marc:datafield tag="086" ind1="1" ind2=" ">
      <marc:subfield code="a">F21-4/96-3F</marc:subfield>
    </marc:datafield>
    <marc:datafield tag="110" ind1="1" ind2=" ">
      <marc:subfield code="a">Canada. </marc:subfield>
      <marc:subfield code="b">Ministère des finances.</marc:subfield>
    </marc:datafield>
    <marc:datafield tag="245" ind1="1" ind2="0">
      <marc:subfield code="a">Politique fiscale et création d'emplois : </marc:subfield>
      <marc:subfield code="b">programmes de stimulation de l'emploi / </marc:subfield>
      <marc:subfield code="c">par Ben Cherniavsky. </marc:subfield>
    </marc:datafield>
    <marc:datafield tag="260" ind1=" " ind2=" ">
      <marc:subfield code="a">Ottawa - Ontario : </marc:subfield>
      <marc:subfield code="b">Finances Canada </marc:subfield>
      <marc:subfield code="c">1996.</marc:subfield>
    </marc:datafield>
    <marc:datafield tag="300" ind1=" " ind2=" ">
      <marc:subfield code="a">32p. : </marc:subfield>
      <marc:subfield code="b">tableau ; </marc:subfield>
      <marc:subfield code="c">28 cm.</marc:subfield>
    </marc:datafield>
    <marc:datafield tag="490" ind1="1" ind2=" ">
      <marc:subfield code="a">Document de travail</marc:subfield>
      <marc:subfield code="v">96-3</marc:subfield>
    </marc:datafield>
    <marc:datafield tag="500" ind1=" " ind2=" ">
      <marc:subfield code="a">«Le présent document propose un survol de certains articles sélectionnés dans la littérature publiée ces vingt dernières années au sujet des mesures fiscales de stimulation de l'emploi et d'encouragement à l'embauche de groupes précis. S'il traite plus particulièrement de l'expérience canadienne, il présente certains programmes mis en oeuvre aux États-Unis. A partir des documents analysés, il propose des conclusions générales quant à l'efficacité des crédits d'impôt marginaux à l'emploi et des mesures ciblées d'encouragement à l'embauche.»--Résumé.</marc:subfield>
    </marc:datafield>
    <marc:datafield tag="504" ind1=" " ind2=" ">
      <marc:subfield code="a">Bibliographie.</marc:subfield>
    </marc:datafield>
    <marc:datafield tag="520" ind1="3" ind2=" ">
      <marc:subfield code="a">Le présent document propose un survol de certains articles sélectionnés dans la littérature publiée ces vingt dernières années au sujet des mesures fiscales de stimulation de l'emploi et d'encouragement à l'embauche de groupes précis. S'il traite plus particulièrement de l'expérience canadienne, il présente certains programmes mis en oeuvre aux États-Unis. A partir des documents analysés, il propose des conclusions générales quant à l'efficacité des crédits d'impôt marginaux à l'emploi et des mesures ciblées d'encouragement à l'embauche.--Résumé</marc:subfield>
    </marc:datafield>
    <marc:datafield tag="563" ind1=" " ind2=" ">
      <marc:subfield code="a">Couverture souple</marc:subfield>
    </marc:datafield>
    <marc:datafield tag="590" ind1=" " ind2=" ">
      <marc:subfield code="a">97-18</marc:subfield>
      <marc:subfield code="b">1997-05-02</marc:subfield>
    </marc:datafield>
    <marc:datafield tag="691" ind1="0" ind2="7">
      <marc:subfield code="a">Création d'emploi</marc:subfield>
      <marc:subfield code="2">gcpds</marc:subfield>
    </marc:datafield>
    <marc:datafield tag="691" ind1="0" ind2="7">
      <marc:subfield code="a">Programme fédéral</marc:subfield>
      <marc:subfield code="2">gcpds</marc:subfield>
    </marc:datafield>
    <marc:datafield tag="691" ind1="0" ind2="7">
      <marc:subfield code="a">Crédit d'impôt</marc:subfield>
      <marc:subfield code="2">gcpds</marc:subfield>
    </marc:datafield>
    <marc:datafield tag="720" ind1="1" ind2=" ">
      <marc:subfield code="a">Cherniavsky, Ben</marc:subfield>
    </marc:datafield>
    <marc:datafield tag="775" ind1="0" ind2="8">
      <marc:subfield code="t">Tax policy and job creation : </marc:subfield>
      <marc:subfield code="w">(CaOODSP)9.613804</marc:subfield>
    </marc:datafield>
    <marc:datafield tag="776" ind1="0" ind2="#">
      <marc:subfield code="t">Politique fiscale et création d'emplois : </marc:subfield>
      <marc:subfield code="w">(CaOODSP)9.602711</marc:subfield>
    </marc:datafield>
    <marc:datafield tag="830" ind1="#" ind2="0">
      <marc:subfield code="a">Document de travail ;</marc:subfield>
      <marc:subfield code="v">96-3</marc:subfield>
      <marc:subfield code="w">(CaOODSP)9.513002</marc:subfield>
    </marc:datafield>
  </marc:record>
</marc:collection>
